000 01376 a2200217 4500
001 16076
005 20260407155454.0
008 260407a1997 arg spa d
003 AR-UNSa-BCEJYS
040 _aAR-UNSa-BCEJYS
_bspa
_cAR-UNSa-BCEJYS
080 _a657
_xContabilidad
245 1 0 _aNormas contables argentinas
020 _a950-537-401-1
264 1 _aBuenos Aires :
_bEdiciones Macchi
_c1997
300 _axxxviii, 711 p.
_c22 cm.
505 _a1. La sanción de normas contables en la Argentina - 2. Normas generales (RTS 10 y 12, y RES. 110/92) - 3. Ajustes por inflación (RT 6 y RES. 140/96) - 4. Conversiones de estados contables (RT 13) - 5. Consolidación (RT 4) - 6. Método del VPP (RT 5) - 7. Estados contables en general (RT 8) - 8. Estados contables de entes comerciales, industriales y de servicios (RT 9) - 9. Estados contables de entes sin fines de lucro (RT 11) - 10. Normas del código de comercio y de la ley de sociedades comerciales - 11. El decreto 316/95, de rechazo a los ajustes por inflación - 12. Normas para sociedades con cotización - 13. Normas de la IGP para entes domiciliados en la capital
942 _cBK
590 _aniveau_biblio:m niveau_hierar:0
100 1 _aFowler Newton, Enrique
856 4 1 _uhttps://t1.gstatic.com/images?q=tbn:ANd9GcTHKVucETjlwe-mgU6dukCRXINP5bRPppQq_bSpPph6kjhy4Tn1Wg
_yImagen de portada
_qimage/jpeg
999 _c691
_d691